000 01061cam a22003133a 4500
001 16403965
003 OSt
005 20140310182240.0
008 980605s1998 nyuf 000 1 eng d
010 _a 99610122
020 _a0786889381 (pbk.)
035 _a(OCoLC)ocm39231571
040 _aYVO
_cYVO
_dOCL
_dOCLCQ
_dDLC
050 0 0 _aPS 3541
_b.B689 1998
082 _aFIC
_bB63a 1998
100 1 _aBolin, M. C.
_918999
245 1 0 _aArmageddon /
_cM.C. Bolin ; based on the screenplay by Jonathan Hensleigh and the story by Jonathan Hensleigh and Robert Pool.
260 _aNew York :
_bHyperion,
_cc1998.
300 _a178 p. :
_c18 cm.
650 0 _aAsteroids
_xCollisions with Earth
_vFiction.
_919000
655 7 _aScience fiction.
_2gsafd
_91889
655 7 _aMovie novels.
_2gsafd
_94383
700 1 _aHensleigh, Jonathan.
_919001
700 1 _aPool, Robert.
_919002
710 2 _aCopyright Paperback Collection (Library of Congress)
_5DLC
_9705
906 _a7
_bcbc
_ccopycat
_d2
_encip
_f19
_gy-genrareb
942 _2lcc
_cBK-FIC
999 _c11116
_d11116